[Event "Wch Seniors 23rd 2013"]
[Site "Opatija"]
[Date "2013.11.19"]
[Round "7.6"]
[White "Kristiansen, Jens"]
[Black "Archangelsky, Mikhail"]
[Result "1-0"]
[WhiteElo "2407"]
[BlackElo "2162"]
[PlyCount "101"]
[EventDate "2013.11.12"]

1. e4 e6 2. d3 d5 3. Nd2 c5 4. Ngf3 Nf6 5. g3 g6 6. Bg2 Bg7 7. O-O O-O 8. Re1
Nc6 9. c3 Re8 10. e5 Nd7 11. d4 f6 12. exf6 Qxf6 13. Nf1 cxd4 14. Bg5 Qf7 15.
cxd4 Nb6 16. Ne3 Rf8 17. Qd2 Bd7 18. Ng4 Nc4 19. Qe2 h5 20. Nh6+ Bxh6 21. Bxh6
Rfe8 22. Bf4 Qf8 23. Qd3 Qf5 24. Qxf5 exf5 25. b3 Nb6 26. Ne5 Nxe5 27. Bxe5 Bc6
28. h4 Kf7 29. a4 a6 30. f3 Nd7 31. Bd6 Rxe1+ 32. Rxe1 Re8 33. Rxe8 Kxe8 34.
Kf2 Kf7 35. Bf1 Ke6 36. Bc7 Nf6 37. Ke3 Bd7 38. Bd3 Be8 39. Kf4 Nh7 40. Be5 Bf7
41. g4 fxg4 42. fxg4 hxg4 43. h5 g5+ 44. Kxg4 Nf6+ 45. Kxg5 Nxh5 46. Be2 Be8
47. Bxh5 Bxh5 48. Kxh5 Kf5 49. a5 Ke4 50. Kg5 Kd3 51. Kf5 1-0

[Event "Wch Seniors 23rd 2013"]
[Site "Opatija"]
[Date "2013.11.19"]
[Round "7.7"]
[White "Sloth, Jorn"]
[Black "Kakageldyev, Amanmurad"]
[Result "1/2-1/2"]
[WhiteElo "2338"]
[BlackElo "2384"]
[PlyCount "39"]
[EventDate "2013.11.12"]

1. Nf3 Nf6 2. c4 c6 3. Nc3 d5 4. e3 g6 5. d4 Bg7 6. Be2 O-O 7. O-O dxc4 8. Bxc4
Bg4 9. h3 Bxf3 10. Qxf3 Nbd7 11. Rd1 e5 12. dxe5 Nxe5 13. Qe2 Qe7 14. Bb3 Rfe8
15. Bd2 Ned7 16. Be1 Nc5 17. Bc2 Nfe4 18. Nxe4 Nxe4 19. Rab1 b5 20. Qd3 1/2-1/2

[Event "Wch Seniors 23rd 2013"]
[Site "Opatija"]
[Date "2013.11.19"]
[Round "7.8"]
[White "Filipenko, Alexander V"]
[Black "Herzog, Adolf"]
[Result "1/2-1/2"]
[WhiteElo "2288"]
[BlackElo "2379"]
[PlyCount "121"]
[EventDate "2013.11.12"]

1. e4 e6 2. d4 d5 3. Nc3 Bb4 4. e5 c5 5. a3 Bxc3+ 6. bxc3 Ne7 7. Qg4 cxd4 8.
Qxg7 Rg8 9. Qxh7 Qc7 10. Ne2 Nbc6 11. f4 dxc3 12. Qd3 d4 13. Nxd4 Nxd4 14. Qxd4
Bd7 15. Rg1 Nf5 16. Qf2 Qc6 17. Bd3 Qd5 18. a4 Bc6 19. Ra3 O-O-O 20. Rxc3 Kb8
21. Rc5 Qa2 22. Qd2 Qxa4 23. Qc3 Bxg2 24. Kf2 Bc6 25. Ra5 Qd4+ 26. Qxd4 Nxd4
27. Rg3 Rh8 28. h3 Rdg8 29. Be3 Rxg3 30. Kxg3 Rg8+ 31. Kh4 b6 32. Ra1 Nf5+ 33.
Bxf5 exf5 34. Bd4 Bd5 35. Rg1 Bg2 36. Kh5 Rg6 37. e6 Bf3+ 38. Kh4 Rxe6 39. Rg7
Rh6+ 40. Kg5 Rh5+ 41. Kf6 Bd5 42. Rg3 Kb7 43. Ke5 Bc4 44. Bf2 a5 45. h4 a4 46.
Ra3 b5 47. Kd6 Rh6+ 48. Kc5 Be2 49. Kb4 Re6 50. Re3 Re4+ 51. Rxe4 fxe4 52. c4
bxc4 53. Kxa4 Kc6 54. Kb4 Kd5 55. Kc3 Ke6 56. Be3 Kf6 57. h5 Kg7 58. f5 Bxh5
59. Kxc4 Kf6 60. Kd4 Kxf5 61. Bh6 1/2-1/2

[Event "Wch Seniors 23rd 2013"]
[Site "Opatija"]
[Date "2013.11.19"]
[Round "7.9"]
[White "Karason, Askell O"]
[Black "Shvedchikov, Anatoli I"]
[Result "1/2-1/2"]
[WhiteElo "2220"]
[BlackElo "2363"]
[PlyCount "55"]
[EventDate "2013.11.12"]

1. d4 d5 2. c4 c6 3. Nf3 Nf6 4. Nc3 dxc4 5. a4 Bf5 6. Ne5 Nbd7 7. Nxc4 Nb6 8.
Ne5 a5 9. Bg5 g6 10. f3 Bg7 11. e4 Be6 12. Be3 O-O 13. Qc2 Nfd7 14. Nxd7 Bxd7
15. Qb3 Nc8 16. Rd1 Nd6 17. Be2 Qb8 18. O-O b5 19. axb5 Nxb5 20. Bxb5 cxb5 21.
Nd5 Re8 22. Rc1 Ra7 23. Rfd1 e6 24. Bf4 Qb7 25. Nc3 Qb6 26. Na4 Bxd4+ 27. Rxd4
Qxd4+ 28. Be3 1/2-1/2

[Event "Wch Seniors 23rd 2013"]
[Site "Opatija"]
[Date "2013.11.19"]
[Round "7.10"]
[White "Turikov, Viktor"]
[Black "Cebalo, Miso"]
[Result "1/2-1/2"]
[WhiteElo "2256"]
[BlackElo "2415"]
[PlyCount "131"]
[EventDate "2013.11.12"]

1. d4 Nf6 2. Nc3 d5 3. Bg5 Bf5 4. Bxf6 exf6 5. e3 c6 6. Bd3 Bg6 7. h4 Nd7 8. h5
Bxd3 9. cxd3 f5 10. Qf3 Qf6 11. Nge2 Bb4 12. a3 Ba5 13. Kf1 O-O 14. Rc1 Rac8
15. g4 fxg4 16. Qxg4 Qe6 17. Qf3 Bc7 18. Nf4 Qf6 19. Nce2 Rfe8 20. Qg4 Nf8 21.
Qh4 Qxh4 22. Rxh4 g5 23. hxg6 fxg6 24. Rh3 Ne6 25. Nxe6 Rxe6 26. Kg2 Rf8 27.
Rf3 Rxf3 28. Kxf3 Rf6+ 29. Kg2 Kf7 30. Rh1 h5 31. f4 a5 32. Kf3 a4 33. Rg1 Kg7
34. e4 Kh6 35. e5 Rf7 36. Ke3 Bd8 37. Rf1 h4 38. Rf3 Kh5 39. Ng1 Kg4 40. Nh3 b6
41. Nf2+ Kf5 42. Nd1 Rh7 43. Kf2 Ke6 44. Kg2 Rf7 45. Ne3 c5 46. Kh3 Be7 47. Kg4
cxd4 48. Nc2 Bc5 49. Rh3 g5 50. fxg5 Kxe5 51. Ne1 Rf2 52. Nf3+ Ke6 53. Rh2 Rxh2
54. Nxh2 h3 55. Nf3 Bd6 56. Kxh3 Bf4 57. Nxd4+ Kf7 58. Kg4 Be5 59. Nb5 Bxb2 60.
Kf5 Bg7 61. d4 Bh8 62. g6+ Ke7 63. Nc7 Bxd4 64. Nxd5+ Kf8 65. Ke4 Bc5 66. Kd3
1/2-1/2

[Event "Wch Seniors 23rd 2013"]
[Site "Opatija"]
[Date "2013.11.19"]
[Round "7.11"]
[White "Kierzek, Matthias"]
[Black "Blechzin, Igor"]
[Result "1-0"]
[WhiteElo "2250"]
[BlackElo "2411"]
[PlyCount "69"]
[EventDate "2013.11.12"]

1. d4 Nf6 2. c4 g6 3. Nc3 Bg7 4. e4 d6 5. Be2 O-O 6. Bg5 Nbd7 7. Qd2 e5 8. Nf3
exd4 9. Nxd4 c6 10. O-O a5 11. Rad1 Qb6 12. Bf4 Nc5 13. Qc2 Re8 14. Bf3 Bg4 15.
Bxg4 Nxg4 16. Bxd6 Nxe4 17. Nxe4 Bxd4 18. h3 Nf6 19. Nxf6+ Bxf6 20. b3 c5 21.
Bg3 Bd4 22. Rfe1 Qc6 23. Re2 Rxe2 24. Qxe2 a4 25. b4 Re8 26. Qc2 h5 27. bxc5
Bxc5 28. Qd3 Bb6 29. Qc3 Rc8 30. Rd6 Qc5 31. Qf6 Rc6 32. Be5 Qxf2+ 33. Qxf2
Bxf2+ 34. Kxf2 Rc8 35. Bf6 1-0

[Event "Wch Seniors 23rd 2013"]
[Site "Opatija"]
[Date "2013.11.19"]
[Round "7.12"]
[White "Moen, Ole Christian"]
[Black "Chernikov, Oleg L"]
[Result "1/2-1/2"]
[WhiteElo "2232"]
[BlackElo "2400"]
[PlyCount "108"]
[EventDate "2013.11.12"]

1. e4 c5 2. Nf3 Nc6 3. d4 cxd4 4. Nxd4 g6 5. Be3 Nf6 6. Nc3 Bg7 7. Bc4 Qa5 8.
O-O O-O 9. Bb3 d6 10. h3 Bd7 11. Re1 Rfe8 12. Qd3 Qh5 13. Nd5 Nxd5 14. Bxd5 e6
15. Bb3 a5 16. a4 Nb4 17. Qf1 Qh4 18. c3 Qxe4 19. f3 Qh4 20. Bf2 Bxd4 21. Bxd4
Nc6 22. Re4 Qd8 23. Bf2 e5 24. Rd1 Be6 25. Qb5 Qc7 26. Bd5 Bxd5 27. Rxd5 Ra6
28. Re1 Re6 29. Qc4 Qd7 30. Qb3 Kg7 31. Rb5 Re7 32. Rd1 Nd8 33. Bb6 Nc6 34.
Rbd5 Re6 35. Qb5 Nb8 36. Bxa5 Qc6 37. b3 Nd7 38. Bb4 Qc7 39. Qd3 Nc5 40. Bxc5
dxc5 41. Rd7 Qc6 42. Qc4 e4 43. fxe4 Qxe4 44. Rf1 Qxc4 45. Rfxf7+ Kh6 46. bxc4
Rxa4 47. Rxh7+ Kg5 48. Rd5+ Kf6 49. Rxc5 Rc6 50. Rc7 Rxc5 51. Rxc5 Ra3 52. Kh2
Rxc3 53. h4 Kg7 54. g3 b5 1/2-1/2

[Event "Wch Seniors 23rd 2013"]
[Site "Opatija"]
[Date "2013.11.19"]
[Round "7.13"]
[White "Karasev, Vladimir I"]
[Black "Lederman, Leon"]
[Result "1/2-1/2"]
[WhiteElo "2377"]
[BlackElo "2245"]
[PlyCount "83"]
[EventDate "2013.11.12"]

1. e4 c6 2. Nc3 d5 3. Nf3 Bg4 4. h3 Bxf3 5. Qxf3 e6 6. d3 Nd7 7. Bd2 g6 8. h4
h5 9. Qe2 d4 10. Nd1 Bg7 11. a4 a5 12. f4 Ne7 13. Nf2 Nc5 14. g3 b5 15. axb5
cxb5 16. Bg2 Na4 17. O-O Qc7 18. e5 Ra6 19. Ne4 Nf5 20. c4 dxc3 21. bxc3 O-O
22. d4 Rb6 23. Rfb1 Rfb8 24. Kh2 Qd7 25. Be1 b4 26. Nc5 Nxc5 27. dxc5 Rb5 28.
c6 Qc7 29. cxb4 Bf8 30. Rd1 Bxb4 31. Rd7 Qb6 32. c7 Rf8 33. Rd8 Rc5 34. Rxf8+
Kxf8 35. Bf2 Qxc7 36. Bxc5+ Qxc5 37. Rd1 Ne3 38. Rd8+ Ke7 39. Rb8 Ng4+ 40. Kh1
Nf2+ 41. Kh2 Ng4+ 42. Kh1 1/2-1/2

[Event "Wch Seniors 23rd 2013"]
[Site "Opatija"]
[Date "2013.11.19"]
[Round "7.15"]
[White "Pritchett, Craig W"]
[Black "Lind, Jan-Olof"]
[Result "1/2-1/2"]
[WhiteElo "2359"]
[BlackElo "2238"]
[PlyCount "99"]
[EventDate "2013.11.12"]

1. e4 c5 2. Nf3 g6 3. d4 cxd4 4. Nxd4 Bg7 5. c4 Nc6 6. Be3 Nf6 7. Nc3 O-O 8.
Be2 b6 9. O-O Bb7 10. f3 Nh5 11. Re1 Nf4 12. Bf1 Ne6 13. Nde2 f5 14. exf5 Rxf5
15. Qd2 Ne5 16. Nd4 Nxd4 17. Bxd4 d6 18. Ne4 Rxf3 19. Bxe5 Rxf1+ 20. Rxf1 Bxe5
21. Rae1 Qc8 22. b3 Qg4 23. h3 Qh4 24. Qg5 Qxg5 25. Nxg5 Bf6 26. Rxf6 exf6 27.
Re7 Bxg2 28. Nxh7 Bxh3 29. Nxf6+ Kf8 30. Rh7 Bc8 31. Kf2 a6 32. Nd5 Rb8 33. a4
Kg8 34. Nf6+ Kf8 35. Ne4 Kg8 36. Rc7 Bf5 37. Nxd6 Bc2 38. Rc8+ Rxc8 39. Nxc8
Bxb3 40. Nxb6 a5 41. c5 Kf7 42. c6 Ke7 43. c7 Be6 44. c8=Q Bxc8 45. Nxc8+ Kd7
46. Nb6+ Kc6 47. Nc4 Kc5 48. Nxa5 Kb4 49. Nb3 Kxa4 50. Nd4 1/2-1/2

[Event "Wch Seniors 23rd 2013"]
[Site "Opatija"]
[Date "2013.11.19"]
[Round "7.16"]
[White "Barle, Janez"]
[Black "Furman, Boris"]
[Result "1/2-1/2"]
[WhiteElo "2356"]
[BlackElo "2194"]
[PlyCount "62"]
[EventDate "2013.11.12"]

1. e4 c5 2. Nf3 Nc6 3. Bb5 g6 4. O-O Bg7 5. c3 Nf6 6. d4 cxd4 7. cxd4 Nxe4 8.
d5 Nd6 9. Na3 a6 10. Bd3 Nb4 11. Nc4 Nxd3 12. Nxd6+ exd6 13. Qxd3 O-O 14. Bg5
f6 15. Bf4 b5 16. Bxd6 Re8 17. Rac1 Bb7 18. Rc7 Rb8 19. Rfc1 Rc8 20. h4 Rxc7
21. Rxc7 Qa8 22. h5 Bxd5 23. hxg6 Be4 24. gxh7+ Kxh7 25. Ng5+ fxg5 26. Qh3+ Kg6
27. Qxd7 Rg8 28. Be5 Qd5 29. Bxg7 Qxd7 30. Rxd7 Rxg7 31. Rd6+ Kf5 1/2-1/2

[Event "Wch Seniors 23rd 2013"]
[Site "Opatija"]
[Date "2013.11.19"]
[Round "7.17"]
[White "Serra Olives, Tomas"]
[Black "Giffard, Nicolas"]
[Result "1/2-1/2"]
[WhiteElo "2169"]
[BlackElo "2348"]
[PlyCount "81"]
[EventDate "2013.11.12"]

1. e4 c6 2. d4 d5 3. Nc3 dxe4 4. Nxe4 Nd7 5. Bc4 Ngf6 6. Ng5 Nd5 7. N1f3 h6 8.
Ne4 N7b6 9. Bb3 Bf5 10. Ng3 Bh7 11. O-O e6 12. c4 Nf6 13. Bf4 Be7 14. Qe2 O-O
15. Rad1 Re8 16. a3 Bf8 17. Rfe1 Nbd7 18. h3 a5 19. Ne5 a4 20. Ba2 Qc8 21. Qf3
Nxe5 22. Bxe5 Nd7 23. Bf4 c5 24. d5 e5 25. Bd2 Nb6 26. Bc3 Bd6 27. Rd2 f5 28.
Rde2 e4 29. Qh5 Qd7 30. Nf1 Re7 31. f3 Rae8 32. fxe4 fxe4 33. Ne3 Be5 34. Bxe5
Rxe5 35. Qh4 Nc8 36. Ng4 R5e7 37. Qf2 b6 38. Qe3 Nd6 39. Qc3 Bg6 40. Ne3 Rf7
41. Bb1 1/2-1/2

[Event "Wch Seniors 23rd 2013"]
[Site "Opatija"]
[Date "2013.11.19"]
[Round "7.18"]
[White "Van Riemsdijk, Herman C"]
[Black "Tsomaia, Sergo"]
[Result "1-0"]
[WhiteElo "2347"]
[BlackElo "1859"]
[PlyCount "120"]
[EventDate "2013.11.12"]

1. e4 e5 2. Nf3 Nc6 3. Nc3 Nf6 4. g3 Bc5 5. Bg2 d6 6. d3 O-O 7. O-O a6 8. h3
Be6 9. Ng5 Bd7 10. Kh2 h6 11. Nf3 Be6 12. Be3 Bb4 13. Nh4 Bxc3 14. bxc3 d5 15.
f3 Qd7 16. g4 g5 17. Nf5 Bxf5 18. gxf5 Nh5 19. f4 Nxf4 20. Bxf4 exf4 21. exd5
Ne7 22. f6 Nxd5 23. Qh5 Nxf6 24. Qxh6 Qf5 25. Bf3 Qg6 26. Qxg6+ fxg6 27. Rg1 c6
28. Rxg5 Kf7 29. Rb1 Rab8 30. Rb4 Rfe8 31. Rxf4 Re1 32. Rg2 Kg7 33. Rf2 Rf8 34.
Kg2 Ra1 35. a4 Nd7 36. Rb4 Nc5 37. d4 a5 38. Rb2 Nxa4 39. Rxb7+ Kh6 40. Rb3 c5
41. d5 c4 42. Rb5 Nxc3 43. Rc5 Nd1 44. Bxd1 Rxf2+ 45. Kxf2 Rxd1 46. Ke2 Rb1 47.
Rxa5 Kg5 48. d6+ Kf6 49. Rd5 Rb8 50. d7 Rd8 51. Kd2 Ke6 52. Rd4 Rxd7 53. Rxd7
Kxd7 54. Kc3 Ke6 55. Kxc4 Ke5 56. Kd3 Kf4 57. h4 Kg4 58. c4 g5 59. hxg5 Kxg5
60. Kd4 Kf6 1-0

[Event "Wch Seniors 23rd 2013"]
[Site "Opatija"]
[Date "2013.11.19"]
[Round "7.19"]
[White "Wahlbom, Magnus"]
[Black "Vogel, Jaap"]
[Result "1/2-1/2"]
[WhiteElo "2304"]
[BlackElo "2191"]
[PlyCount "43"]
[EventDate "2013.11.12"]

1. e4 e6 2. d4 d5 3. Nd2 Nf6 4. e5 Nfd7 5. Bd3 c5 6. c3 Nc6 7. Ne2 cxd4 8. cxd4
f6 9. exf6 Nxf6 10. Nf3 Bd6 11. O-O Qc7 12. g3 O-O 13. Bf4 Bd7 14. Rc1 Bxf4 15.
Nxf4 Qb6 16. Qd2 Rae8 17. Rfe1 Nxd4 18. Nxd4 e5 19. Nde2 exf4 20. Nxf4 Kh8 21.
h4 Bg4 22. Rxe8 1/2-1/2

[Event "Wch Seniors 23rd 2013"]
[Site "Opatija"]
[Date "2013.11.19"]
[Round "7.22"]
[White "Samartsev, Alexander"]
[Black "Thormann, Wolfgang"]
[Result "1/2-1/2"]
[WhiteElo "2160"]
[BlackElo "2271"]
[PlyCount "54"]
[EventDate "2013.11.12"]

1. d4 Nf6 2. Nf3 e6 3. g3 b6 4. Bg2 Bb7 5. O-O Be7 6. c4 O-O 7. Nc3 Ne4 8. Qc2
Nxc3 9. Qxc3 Be4 10. Ne5 Bxg2 11. Kxg2 f5 12. f4 Bf6 13. Qf3 c6 14. e3 Qc8 15.
b3 d6 16. Nd3 a5 17. a4 Ra7 18. Bb2 Na6 19. Rac1 Re8 20. Rf2 Rf7 21. Qd1 Rd7
22. Rd2 h6 23. h4 Kh7 24. Qe2 Kg8 25. Re1 Rde7 26. Ba3 Rd8 27. Bb2 Nb8 1/2-1/2

[Event "Wch Seniors 23rd 2013"]
[Site "Opatija"]
[Date "2013.11.19"]
[Round "7.23"]
[White "Jorgensen, Jorgen"]
[Black "Vokoun, Jan"]
[Result "1/2-1/2"]
[WhiteElo "2257"]
[BlackElo "2185"]
[PlyCount "21"]
[EventDate "2013.11.12"]

1. c4 Nf6 2. Nf3 g6 3. g3 c6 4. Bg2 Bg7 5. Nc3 d5 6. cxd5 cxd5 7. d4 O-O 8. Ne5
e6 9. O-O Nbd7 10. Nxd7 Bxd7 11. e3 1/2-1/2

[Event "Wch Seniors 23rd 2013"]
[Site "Opatija"]
[Date "2013.11.19"]
[Round "7.24"]
[White "Nukin, Tolegen"]
[Black "Pushkov, Nikolai"]
[Result "1-0"]
[WhiteElo "2208"]
[BlackElo "2371"]
[PlyCount "69"]
[EventDate "2013.11.12"]

1. e4 e6 2. d4 d5 3. exd5 exd5 4. c4 Nf6 5. Nc3 Bb4 6. Nf3 O-O 7. Be2 dxc4 8.
O-O Bg4 9. Bxc4 Nc6 10. Be3 a6 11. h3 Bh5 12. g4 Bg6 13. Ne5 Bxc3 14. bxc3 Be4
15. f3 Bd5 16. Bd3 Qe7 17. Bf4 Nxe5 18. Bxe5 b5 19. Qc2 h6 20. Rae1 Qd8 21. Qh2
c6 22. Re3 Be6 23. Bb1 Nd5 24. Qc2 g6 25. Re2 b4 26. cxb4 Nxb4 27. Qd2 f6 28.
Qxb4 fxe5 29. dxe5 c5 30. Qe4 Qe8 31. Rd2 Kg7 32. f4 Rb8 33. a3 Kh7 34. Bc2 Rb2
35. Qxg6+ 1-0

[Event "Wch Seniors 23rd 2013"]
[Site "Opatija"]
[Date "2013.11.19"]
[Round "7.29"]
[White "La Rota, Fabio"]
[Black "Balmazi, Leon"]
[Result "1-0"]
[WhiteElo "2258"]
[BlackElo "2159"]
[PlyCount "60"]
[EventDate "2013.11.12"]

1. d4 Nf6 2. Nf3 g6 3. Bf4 c5 4. e3 cxd4 5. exd4 Bg7 6. Nbd2 O-O 7. Bc4 Nc6 8.
c3 d6 9. O-O Bd7 10. Re1 Rc8 11. h3 Na5 12. Bd3 Bf5 13. Bf1 h6 14. g4 Be6 15.
Bg3 Qd7 16. Rc1 b5 17. b3 Bd5 18. Qe2 Bxf3 19. Nxf3 Nd5 20. c4 bxc4 21. bxc4
Nb6 22. Qxe7 Qxe7 23. Rxe7 Nc6 24. Rb7 d5 25. c5 Na4 26. Bb5 Nd8 27. Rxa7 Nb2
28. Rc2 Nd1 29. Bd6 Ne6 30. Bxf8 Nxf8 1-0

[Event "Wch Seniors 23rd 2013"]
[Site "Opatija"]
[Date "2013.11.19"]
[Round "7.30"]
[White "Brinck-Claussen, Bjorn"]
[Black "Grabow, Pouelsten Holm"]
[Result "1/2-1/2"]
[WhiteElo "2248"]
[BlackElo "2157"]
[PlyCount "23"]
[EventDate "2013.11.12"]

1. d4 d5 2. c4 e6 3. Nc3 Be7 4. Nf3 Nf6 5. cxd5 exd5 6. Bg5 c6 7. Qc2 Nbd7 8.
e3 Nf8 9. Bd3 g6 10. O-O Ne6 11. Bh4 O-O 12. Rab1 1/2-1/2

[Event "Wch Seniors 23rd 2013"]
[Site "Opatija"]
[Date "2013.11.19"]
[Round "7.32"]
[White "Giulian, Philip M"]
[Black "Kaminik, Aleksandar"]
[Result "1/2-1/2"]
[WhiteElo "2244"]
[BlackElo "2138"]
[PlyCount "76"]
[EventDate "2013.11.12"]

1. d4 Nf6 2. c4 g6 3. Nc3 Bg7 4. e4 d6 5. f3 O-O 6. Be3 Nfd7 7. Qd2 e5 8. Nge2
f5 9. exf5 gxf5 10. O-O-O Nc6 11. dxe5 Ncxe5 12. Nf4 Nf6 13. Be2 Nf7 14. c5 Kh8
15. Bc4 Bd7 16. Qf2 Ne5 17. Bb3 Ne8 18. Rhe1 b5 19. Bd4 b4 20. Nb1 Qg5 21. Be3
Qe7 22. Nd5 Qd8 23. Bd4 a5 24. f4 Ng6 25. Bxg7+ Nxg7 26. Qd4 Ra6 27. Bc4 Rc6
28. cxd6 Rxd6 29. Qf2 Ba4 30. b3 Bc6 31. Qc5 Bxd5 32. Rxd5 Nxf4 33. Rxd6 cxd6
34. Qd4 Ng6 35. Nd2 Ne5 36. Nf3 Nxc4 37. Qxc4 Qc8 38. Re7 Re8 1/2-1/2

[Event "Wch Seniors 23rd 2013"]
[Site "Opatija"]
[Date "2013.11.19"]
[Round "7.33"]
[White "Titz, Heimo"]
[Black "Harestad, Thor Geir"]
[Result "1-0"]
[WhiteElo "2174"]
[BlackElo "2238"]
[PlyCount "100"]
[EventDate "2013.11.12"]

1. c4 e5 2. Nc3 Nc6 3. Nf3 g6 4. d4 exd4 5. Nxd4 Bg7 6. Nxc6 bxc6 7. g3 d6 8.
Bg2 Ne7 9. O-O O-O 10. Bg5 f6 11. Bd2 Be6 12. b3 Qd7 13. Rc1 Bh3 14. Qc2 Bxg2
15. Kxg2 Nf5 16. Qd3 c5 17. Nd5 Nd4 18. e3 Ne6 19. f4 c6 20. Nc3 f5 21. Na4
Rad8 22. Bc3 Rfe8 23. Rfd1 Qe7 24. Qf1 Nf8 25. Bxg7 Kxg7 26. Rc3 Ne6 27. Qf3 g5
28. h3 gxf4 29. gxf4 Kh8 30. Kh2 Rg8 31. Rcc1 Rg6 32. Rg1 d5 33. cxd5 cxd5 34.
Rxg6 hxg6 35. Rg1 Qf6 36. Qg3 Kh7 37. Rg2 d4 38. Nb2 dxe3 39. Qxe3 Rd4 40. Nd3
a5 41. Rf2 Re4 42. Qg3 a4 43. bxa4 Rxa4 44. Ne5 Re4 45. h4 Nxf4 46. Nd7 Qd6 47.
Nxc5 Qxc5 48. Rxf4 Re2+ 49. Kh3 Qc1 50. Rf2 Qh1+ 1-0

[Event "Wch Seniors 23rd 2013"]
[Site "Opatija"]
[Date "2013.11.19"]
[Round "7.34"]
[White "Vrhovnik, Damir"]
[Black "Gergel, Vladimir P"]
[Result "0-1"]
[WhiteElo "2108"]
[BlackElo "2237"]
[PlyCount "112"]
[EventDate "2013.11.12"]

1. Nf3 g6 2. c4 Bg7 3. d4 d6 4. Nc3 Nf6 5. g3 O-O 6. Bg2 Nc6 7. O-O a6 8. b3
Rb8 9. a4 Bg4 10. h3 Bxf3 11. Bxf3 Nd7 12. e3 e5 13. dxe5 Ncxe5 14. Bb2 Nxf3+
15. Qxf3 Nc5 16. Qd1 Qd7 17. Kh2 Ne4 18. Rc1 h5 19. h4 Nf6 20. f3 Qe6 21. Qd3
c6 22. Rcd1 Rfd8 23. e4 Rd7 24. Ne2 Rbd8 25. Nf4 Qe7 26. Bd4 c5 27. Bc3 b6 28.
Rf2 Rb8 29. Rfd2 Bh6 30. Bxf6 Qxf6 31. Nd5 Qe6 32. Re2 Bg7 33. Rde1 Bd4 34. f4
Kg7 35. Qf3 Qg4 36. Kg2 b5 37. axb5 axb5 38. e5 dxe5 39. fxe5 Ra7 40. e6 fxe6
41. Rxe6 Qxf3+ 42. Kxf3 Ra3 43. cxb5 Rxb3+ 44. Ke4 R8xb5 45. g4 hxg4 46. Kf4
Rf3+ 47. Kxg4 Rbb3 48. Rh1 Rg3+ 49. Kf4 Rbf3+ 50. Ke4 Rf5 51. Rd6 Rh5 52. Re6
Kh6 53. Kf4 Rg2 54. Kf3 Rf2+ 55. Kg3 Rhf5 56. Rhe1 R5f3+ 0-1

[Event "Wch Seniors 23rd 2013"]
[Site "Opatija"]
[Date "2013.11.19"]
[Round "7.35"]
[White "Schmidt, Gerhard"]
[Black "Dogantug, Ahmet Ismail"]
[Result "1/2-1/2"]
[WhiteElo "2237"]
[BlackElo "2117"]
[PlyCount "53"]
[EventDate "2013.11.12"]

1. d4 Nf6 2. Nf3 g6 3. c4 Bg7 4. Nc3 O-O 5. Bg5 h6 6. Bh4 c5 7. e3 d6 8. h3 Nc6
9. d5 Ne5 10. Nd2 a6 11. f4 Ned7 12. a4 Nh7 13. Bd3 Ndf6 14. Nf3 e6 15. O-O Qb6
16. Qd2 exd5 17. cxd5 Re8 18. Rae1 Bd7 19. Kh1 Qb4 20. e4 Nf8 21. e5 N6h7 22.
exd6 c4 23. Bb1 Qxd6 24. Bf2 f5 25. Bd4 Nf6 26. Be5 Qb6 27. Bd4 1/2-1/2

[Event "Wch Seniors 23rd 2013"]
[Site "Opatija"]
[Date "2013.11.19"]
[Round "7.36"]
[White "Toefferl, Heimo"]
[Black "Giesen, Dieter"]
[Result "1/2-1/2"]
[WhiteElo "2089"]
[BlackElo "2235"]
[PlyCount "34"]
[EventDate "2013.11.12"]

1. d4 d5 2. c4 c6 3. Nc3 Nf6 4. Nf3 dxc4 5. a4 Bf5 6. e3 e6 7. Bxc4 Bb4 8. O-O
Nbd7 9. Qe2 Bg6 10. Rd1 Qa5 11. Bd2 O-O 12. h3 e5 13. Be1 e4 14. Nh4 Bh5 15. g4
Bg6 16. Nxg6 hxg6 17. f4 exf3 1/2-1/2

[Event "Wch Seniors 23rd 2013"]
[Site "Opatija"]
[Date "2013.11.19"]
[Round "7.37"]
[White "Nickl, Klaus"]
[Black "Postler, Reinhard"]
[Result "1/2-1/2"]
[WhiteElo "2122"]
[BlackElo "2232"]
[PlyCount "22"]
[EventDate "2013.11.12"]

1. d4 d5 2. Nf3 c6 3. c3 Bf5 4. Bf4 Nf6 5. e3 h6 6. Be2 Nbd7 7. Nbd2 e6 8. Ne5
Nxe5 9. Bxe5 Be7 10. O-O O-O 11. Qb3 Qb6 1/2-1/2

[Event "Wch Seniors 23rd 2013"]
[Site "Opatija"]
[Date "2013.11.19"]
[Round "7.38"]
[White "Hammar, Bengt"]
[Black "Ashby, Anthony C"]
[Result "1/2-1/2"]
[WhiteElo "2231"]
[BlackElo "2121"]
[PlyCount "55"]
[EventDate "2013.11.12"]

1. e4 e5 2. Nf3 Nc6 3. Bb5 a6 4. Ba4 Nf6 5. O-O Be7 6. Re1 b5 7. Bb3 d6 8. c3
O-O 9. h3 Na5 10. Bc2 c5 11. d4 Qc7 12. Nbd2 Nc6 13. dxc5 dxc5 14. Nh2 c4 15.
Ndf1 Bc5 16. Qf3 Ne7 17. Ne3 Bb7 18. Nhg4 Nxg4 19. hxg4 Rad8 20. g3 Qc8 21. Nf5
Qe6 22. b4 Bb6 23. a4 g6 24. Nxe7+ Qxe7 25. axb5 axb5 26. Be3 Qe6 27. Bxb6 Qxb6
28. Rad1 1/2-1/2

[Event "Wch Seniors 23rd 2013"]
[Site "Opatija"]
[Date "2013.11.19"]
[Round "7.39"]
[White "Christiansen, Arne"]
[Black "Trois, Francisco R.T"]
[Result "1/2-1/2"]
[WhiteElo "2117"]
[BlackElo "2229"]
[PlyCount "29"]
[EventDate "2013.11.12"]

1. Nf3 d5 2. d4 Nf6 3. c4 c6 4. e3 g6 5. Nc3 Bg7 6. Be2 O-O 7. O-O Bg4 8. Ne5
Bxe2 9. Qxe2 c5 10. Nf3 cxd4 11. Nxd4 dxc4 12. Qxc4 Nbd7 13. Nf3 Rc8 14. Qe2
Qc7 15. Bd2 1/2-1/2

[Event "Wch Seniors 23rd 2013"]
[Site "Opatija"]
[Date "2013.11.19"]
[Round "7.40"]
[White "Wittmann, Walter"]
[Black "Theting, Helge E"]
[Result "1/2-1/2"]
[WhiteElo "2224"]
[BlackElo "1979"]
[PlyCount "53"]
[EventDate "2013.11.12"]

1. e4 g6 2. d4 Bg7 3. Nf3 d6 4. Bc4 e6 5. Bb3 Ne7 6. O-O b6 7. Re1 Nd7 8. Nbd2
O-O 9. Nf1 Bb7 10. Ng3 c5 11. c3 d5 12. e5 h6 13. h4 b5 14. Bf4 a5 15. Qd2 Kh7
16. h5 Nf5 17. Nxf5 gxf5 18. g4 fxg4 19. Bc2+ Kg8 20. Qd3 f5 21. exf6 Nxf6 22.
Qg6 Qe8 23. Ne5 Qxg6 24. Nxg6 Rfe8 25. dxc5 Nxh5 26. Bd6 Bf6 27. Ne5 1/2-1/2

[Event "Wch Seniors 23rd 2013"]
[Site "Opatija"]
[Date "2013.11.19"]
[Round "7.41"]
[White "Hartung-Nielsen, Jens"]
[Black "Ramos, Cesar"]
[Result "1-0"]
[WhiteElo "2219"]
[BlackElo "2009"]
[PlyCount "53"]
[EventDate "2013.11.12"]

1. d4 Nf6 2. Nf3 b6 3. e3 Bb7 4. Bd3 e6 5. O-O Be7 6. c4 O-O 7. Nc3 d5 8. b3
Nbd7 9. Bb2 Ne4 10. Qc2 f5 11. Ne5 Ndf6 12. Rac1 Rc8 13. cxd5 exd5 14. Nb5 Bd6
15. f3 Qe8 16. fxe4 fxe4 17. Be2 Qe6 18. Qd1 a6 19. Na7 Rce8 20. Nac6 Kh8 21.
Qe1 Ng8 22. Qh4 Nh6 23. Bh5 Ra8 24. h3 Nf5 25. Rxf5 Qxf5 26. Ng6+ Kg8 27. Nce7+
1-0

[Event "Wch Seniors 23rd 2013"]
[Site "Opatija"]
[Date "2013.11.19"]
[Round "7.42"]
[White "Carlsten, Peter"]
[Black "Yakimenko, Alexander A"]
[Result "1-0"]
[WhiteElo "1997"]
[BlackElo "2212"]
[PlyCount "139"]
[EventDate "2013.11.12"]

1. e4 e6 2. d4 d5 3. Nc3 Bb4 4. Qd3 dxe4 5. Qxe4 Nf6 6. Qh4 Nc6 7. Nf3 Nd5 8.
Qxd8+ Nxd8 9. Bd2 Nxc3 10. bxc3 Bd6 11. g3 b6 12. Bg2 Bb7 13. O-O O-O 14. Rfe1
Bd5 15. a4 Nb7 16. Nh4 Bxg2 17. Nxg2 Na5 18. Ne3 c5 19. Rad1 Rfd8 20. Bc1 cxd4
21. cxd4 Rac8 22. d5 exd5 23. Rxd5 Bb4 24. Red1 Rxd5 25. Rxd5 Nb3 26. Bb2 Nc5
27. Rd4 Ba5 28. Nf5 Kf8 29. Rg4 Ne6 30. Ba3+ Nc5 31. Rxg7 Rd8 32. Rxh7 Rd1+ 33.
Kg2 Ke8 34. Rh8+ Kd7 35. Ra8 Nxa4 36. Rxa7+ Ke6 37. Ne3 Ra1 38. Bf8 Ra2 39.
Re7+ Kf6 40. Rc7 Ke6 41. f4 b5 42. Re7+ Kf6 43. Ra7 Bb6 44. Ra6 b4 45. Nd5+ Kf5
46. Nxb4 Ra1 47. Nd5 Bd4 48. c3 Ra2+ 49. Kh3 Bg1 50. Ne7+ Ke4 51. Kg4 Bxh2 52.
Rc6 Nb2 53. Nf5 Ra8 54. Bg7 Rg8 55. Rc7 f6 56. Re7+ Kd3 57. Re3+ Kd2 58. Kf3
Bxg3 59. Re2+ Kd3 60. Rxb2 Bxf4 61. Kxf4 Kxc3 62. Bxf6+ Kc4 63. Rc2+ Kd3 64.
Rc3+ Kd2 65. Ng3 Rf8 66. Ne4+ Kd1 67. Ke3 Re8 68. Bg5 Re5 69. Bf4 Re7 70. Kf2
1-0